000 00987nam a2200337 a 4500
003 AR-BaBNM
005 20251128203814.0
008 082120s2002 ||||||||||||||000 | spa||
040 _cAR-BaBNM
245 0 0 _aEnciclopedia práctica pre-escolar
_bel jardín maternal
_n2
250 _a1ª ed.
260 _aBuenos Aires
_bLatina
_c1980
300 _a326 p.
_bil.
504 _aBibliografía p. 321-323
650 4 _aPLANIFICACION DEL PLAN DE ESTUDIOS
650 4 _aDESARROLLO SOCIAL
650 4 _aDESARROLLO AFECTIVO
650 4 _aOBJETIVOS EDUCACIONALES
650 4 _aAMBIENTE FISICO
650 4 _aAPRENDIZAJE
650 4 _aESTIMULACION TEMPRANA
653 _aEDUCACION INICIAL
653 _aJARDINES MATERNALES
700 1 _aCapizzano de Capalbo, Beatriz
700 1 _aGiudice de Bovone, Elida A.
700 1 _aGonzález Canda, Matilde L. de
700 1 _aGonzález Cuberes, María Teresa
700 1 _aTrolla, María Teresa
942 _cBK
998 _cCarmen
999 _c4996
_d4996